Moral reasons / (Record no. 3445)

000 -LEADER
fixed length control field 00869pam a2200265 a 4500
001 - CONTROL NUMBER
control field 615447
003 - CONTROL NUMBER IDENTIFIER
control field OSt
005 - DATE AND TIME OF LATEST TRANSACTION
control field 20161010092735.0
008 - FIXED-LENGTH DATA ELEMENTS--GENERAL INFORMATION
fixed length control field 920602s1993 enk b 001 0 eng
010 ## - LIBRARY OF CONGRESS CONTROL NUMBER
LC control number 92021888
020 ## - INTERNATIONAL STANDARD BOOK NUMBER
International Standard Book Number 0631177752 (hard)
020 ## - INTERNATIONAL STANDARD BOOK NUMBER
International Standard Book Number 0631187928 (pbk.)
040 ## - CATALOGING SOURCE
Original cataloging agency DLC
Transcribing agency DLC
Modifying agency DLC
050 00 - LIBRARY OF CONGRESS CALL NUMBER
Classification number BJ1012.D263 1993
082 00 - DEWEY DECIMAL CLASSIFICATION NUMBER
Classification number 170
Edition number 20
100 1# - MAIN ENTRY--PERSONAL NAME
Personal name Dancy, Jonathan.
245 10 - TITLE STATEMENT
Title Moral reasons /
Statement of responsibility, etc Jonathan Dancy.
260 ## - PUBLICATION, DISTRIBUTION, ETC. (IMPRINT)
Place of publication, distribution, etc Oxford [England] ;
-- Cambridge, Mass. :
Name of publisher, distributor, etc Blackwell ,
Date of publication, distribution, etc 1993.
300 ## - PHYSICAL DESCRIPTION
Extent xiii, 274 p. ;
Dimensions 23 cm.
504 ## - BIBLIOGRAPHY, ETC. NOTE
Bibliography, etc Includes bibliographical references (p. [264]-269) and index.
650 #0 - SUBJECT ADDED ENTRY--TOPICAL TERM
Topical term or geographic name as entry element Ethics.
906 ## - LOCAL DATA ELEMENT F, LDF (RLIN)
a 7
b cbc
c orignew
d 1
e ocip
f 19
g y-gencatlg
942 ## - ADDED ENTRY ELEMENTS (KOHA)
Source of classification or shelving scheme
Koha item type Book
Holdings
Withdrawn status Lost status Source of classification or shelving scheme Damaged status Not for loan Home library Current library Shelving location Date acquired Total Checkouts Full call number Barcode Date last seen Date checked out Copy number Price effective from Koha item type
          Riara University Library Riara University Library General stack 10/10/2016 1 BJ1012.D263 1993 7221/16 04/01/2018 10/10/2017 C.1 10/10/2016 Book

Riara University Library,
P.O. Box 49940-00100,
Nairobi, Kenya.